[Event "Mar del Plata op"]
[Site "Mar del Plata"]
[Date "1994.??.??"]
[Round "2"]
[White "Rubinetti, Jorge A"]
[Black "Ruppel, Luiz B"]
[Result "1/2-1/2"]
[WhiteElo "2455"]
[BlackElo "2225"]

1.d4 Nf6 2.Nf3 g6 3.c4 Bg7 4.Nc3 O-O 5.e4 d6 6.Be2 e5 7.d5 Nbd7 8.Bg5 h6
9.Bh4 g5 10.Bg3 Nh5 11.h4 g4 12.Nh2 Nxg3 13.fxg3 h5 14.O-O Bh6 15.Kh1 Nf6
16.Bd3 Ne8 17.Qc2 Ng7 18.Rae1 Bd7 19.Re2 Qe7 20.a3 f6 21.Rff2 Rf7 22.Nf1 Raf8
23.Kg1 f5 24.exf5 Nxf5 25.Bxf5 Bxf5 26.Qd1  1/2-1/2

[Event "Mar del Plata op"]
[Site "Mar del Plata"]
[Date "1994.??.??"]
[Round "7"]
[White "Amura, Claudia Noemi"]
[Black "Burijovich, Liliana"]
[Result "1/2-1/2"]
[WhiteElo "2320"]
[BlackElo "2190"]

1.d4 Nf6 2.c4 g6 3.Nc3 Bg7 4.e4 d6 5.Be2 O-O 6.Nf3 e5 7.dxe5 dxe5 8.Qxd8 Rxd8
9.Bg5 c6 10.Nxe5 Re8 11.O-O-O Na6 12.Rd6 Be6 13.f4 Nc5 14.Bf3 Nfxe4 15.Nxe4 Nxe4
16.Bxe4 f6 17.Nxc6 Bxc4 18.Bxf6 Bxf6 19.Ne5  1/2-1/2

[Event "Maribor Pirc"]
[Site "Maribor"]
[Date "1994.??.??"]
[Round "1"]
[White "Tratar, Marko"]
[Black "Kozul, Zdenko"]
[Result "0-1"]
[WhiteElo "2380"]
[BlackElo "2575"]

1.d4 Nf6 2.Nf3 g6 3.c4 Bg7 4.Nc3 O-O 5.e4 d6 6.Be2 e5 7.O-O Na6 8.Be3 Qe8
9.dxe5 dxe5 10.Nd2 Nd7 11.Nb3 c6 12.Qd6 f5 13.exf5 gxf5 14.f4 exf4 15.Qxf4 Ne5
16.Rae1 Qf7 17.Bd4 Ng6 18.Qf2 Bh6 19.Be3 f4 20.Bxa7 Bg5 21.Bh5 Bf5 22.Ne4 Be7
23.a3 Qxc4 24.Nbd2 Qd5 25.Bxg6 Bxg6 26.Bd4 Rad8 27.Bc3 Nc5 28.Qf3 Na4 29.Kh1 Bh4
30.Rc1 Nxc3 31.Rxc3 Rde8 32.Rc5 Qe6 33.Nc3 Qe3 34.Nb3 Qxf3 35.gxf3 Re3 36.Nd2  0-1

[Event "Wch U20"]
[Site "Matinhos"]
[Date "1994.??.??"]
[Round "?"]
[White "Pedersen, Steffen"]
[Black "Iordachescu, Viorel"]
[Result "0-1"]
[WhiteElo "2420"]
[BlackElo "2450"]

1.d4 Nf6 2.c4 d6 3.Nc3 Nbd7 4.Nf3 g6 5.e4 e5 6.Be2 Bg7 7.O-O O-O 8.Qc2 Re8
9.d5 a5 10.Rb1 Nc5 11.Nd2 Bd7 12.b3 c6 13.a3 cxd5 14.cxd5 Rc8 15.Qd1 Bh6
16.f3 Nh5 17.Nc4 Bxc1 18.Rxc1 Qc7 19.b4 axb4 20.axb4 Na6 21.b5 Nf4 22.bxa6 b5
23.Nb2 b4 24.Na2 Qa5 25.Bc4 Rxc4 26.Nxc4 Qxa2 27.Nxd6  0-1

[Event "Wch U20 Girls"]
[Site "Matinhos"]
[Date "1994.??.??"]
[Round "?"]
[White "Sheldon, Ruth"]
[Black "Paasikangas, Johanna"]
[Result "1-0"]
[WhiteElo "2095"]
[BlackElo "2155"]

1.d4 Nf6 2.c4 g6 3.Nc3 Bg7 4.e4 O-O 5.Be2 d6 6.Nf3 e5 7.d5 Nh5 8.g3 f5 9.exf5 Bxf5
10.Nh4 Nf6 11.Nxf5 gxf5 12.f4 e4 13.Nb5 Qd7 14.Nd4 Re8 15.Be3 Na6 16.O-O c6
17.Rc1 Nc7 18.Qb3 c5 19.Nc2 Rab8 20.a4 b6 21.Qa3 Kh8 22.b4 cxb4 23.Nxb4 a6
24.Rfd1 Rb7 25.a5 bxa5 26.Qxa5 Ng4 27.Bxg4 fxg4 28.Nc6 Rb3 29.Bb6 e3 30.Bxc7 e2
31.Re1 Qf5 32.Qd2 Rb2 33.Qa5 Qd3 34.Bb6 Rd2 35.Qa4 Qe4 36.Bf2 Rd3 37.Ne5 Rb8
38.Nxd3 Qxd3 39.Qc2  1-0

[Event "Wch U20 Girls"]
[Site "Matinhos"]
[Date "1994.??.??"]
[Round "?"]
[White "Kadimova, Ilaha"]
[Black "Grosar, Kiti"]
[Result "1/2-1/2"]
[WhiteElo "2335"]
[BlackElo "2160"]

1.d4 Nf6 2.c4 g6 3.Nc3 Bg7 4.e4 d6 5.Be2 O-O 6.Nf3 e5 7.Be3 Ng4 8.Bg5 f6
9.Bh4 Nc6 10.d5 Ne7 11.Nd2 f5 12.Bxg4 fxg4 13.Bg5 Rf4 14.O-O h6 15.Bxf4 exf4
16.Nb3 Be5 17.f3 g3 18.hxg3 fxg3 19.f4 Bxc3 20.bxc3 Nc6 21.dxc6 Qh4 22.Rf3 Qh2+
23.Kf1 Bh3 24.Ke2 Bxg2 25.Ke3 bxc6 26.Qe1 Bxf3 27.Kxf3 Re8 28.Qxg3 Qxg3+
29.Kxg3 Rxe4 30.c5 Re3+ 31.Kg4 Rxc3 32.cxd6 cxd6 33.Rd1 d5 34.Rc1 Rxc1 35.Nxc1 Kf7
36.Nd3 Kf6 37.Ne5 g5 38.Nxc6 gxf4 39.Kxf4 Ke6 40.Nxa7 Kd6 41.Nb5+ Kc5 42.Nc7 d4
43.Ne6+ Kb4  1/2-1/2

[Event "Wch U20 Girls"]
[Site "Matinhos"]
[Date "1994.??.??"]
[Round "?"]
[White "Aleksieva, Silvia"]
[Black "Grosar, Kiti"]
[Result "1-0"]
[WhiteElo "2240"]
[BlackElo "2160"]

1.d4 Nf6 2.c4 g6 3.Nc3 Bg7 4.e4 d6 5.Be2 O-O 6.Nf3 e5 7.d5 a5 8.h3 Na6 9.Bg5 h6
10.Be3 Nc5 11.Nd2 Nh7 12.h4 f5 13.h5 g5 14.exf5 Bxf5 15.Bxc5 dxc5 16.Nde4 b6
17.Bd3 g4 18.Qe2 Ng5 19.Nxg5 Qxg5 20.Bxf5 Rxf5 21.Ne4 Qf4 22.g3 Qf3 23.Qxf3 gxf3
24.O-O-O Bf8 25.Rd3 Be7 26.Kc2 Kh7 27.d6 cxd6 28.Nxd6 Bxd6 29.Rxd6 Rb8 30.a4 Rg5
31.Rh4 Rf8 32.Rxb6 Rxg3 33.fxg3 f2 34.Rb7+ Kh8 35.Rh1 f1=Q 36.Rxf1 Rxf1 37.Rb5 e4
38.Rxc5 Rf2+ 39.Kc3 Rf3+ 40.Kd4 e3 41.Rxa5 Rxg3 42.Re5 Rg4+ 43.Kd3  1-0

[Event "Wch U20 Girls"]
[Site "Matinhos"]
[Date "1994.??.??"]
[Round "?"]
[White "Sheldon, Ruth"]
[Black "Repkova Eid, Eva"]
[Result "0-1"]
[WhiteElo "2095"]
[BlackElo "2295"]

1.d4 Nf6 2.c4 g6 3.Nc3 Bg7 4.e4 d6 5.Be2 O-O 6.Nf3 e5 7.d5 a5 8.Be3 Na6 9.Nd2 Nd7
10.O-O f5 11.exf5 gxf5 12.f4 Bh6 13.Nb3 Qe7 14.Qd2 Nac5 15.Nxc5 Nxc5 16.Rae1 Bd7
17.Bd1 e4 18.Bd4 Bg7 19.Re3 Bxd4 20.Qxd4 Qf6 21.Qxf6 Rxf6 22.Bc2 Rg6 23.Kf2 Kf7
24.b3 Rag8 25.g3 Be8 26.Ne2 Nd7 27.Nd4 Nf6 28.Nxf5 Ng4+ 29.Ke2 Bd7 30.Nh4 Nxe3
31.Kxe3 R6g7 32.Bxe4 Re8 33.Kd4 Kf6 34.Nf3 Rge7 35.Bd3 Bf5 36.Rf2 c5+ 37.dxc6 bxc6
38.Bxf5 Kxf5 39.Kd3 c5 40.h3 a4 41.Nh4+ Kf6 42.Ng2 a3 43.g4 Re4 44.g5+ Kf7
45.f5 Rd4+ 46.Kc2 Ree4 47.Kc1 d5 48.cxd5 c4 49.bxc4 Rxc4+ 50.Kd2 Rcd4+ 51.Kc3 Rxd5
52.g6+ hxg6 53.fxg6+ Kg8 54.Nf4 Rd8 55.Kb3 Re7 56.Rc2 Rb7+ 57.Kc3 Rc8+ 58.Kd2 Rb2  0-1

[Event "Melbourne"]
[Site "Melbourne"]
[Date "1994.??.??"]
[Round "4"]
[White "Lukey, Stephen G"]
[Black "Kagan, Issay"]
[Result "1-0"]
[WhiteElo "2285"]
[BlackElo "2285"]

1.d4 Nf6 2.c4 g6 3.Nc3 Bg7 4.e4 d6 5.Nf3 O-O 6.Be2 e5 7.O-O exd4 8.Nxd4 Re8
9.f3 c6 10.Kh1 d5 11.exd5 cxd5 12.Bg5 Qb6 13.cxd5 Na6 14.Bb5 Nd7 15.Nde2 Nc7
16.Ba4 a6 17.Qd2 Nb5 18.Ne4 Ne5 19.Rac1 Bf5 20.N2g3 Rec8 21.Be3 Qd8 22.Bb3 Bxe4
23.Nxe4 Nd6 24.Nxd6 Qxd6 25.Rfd1 h5 26.Qf2 Rxc1 27.Bxc1 Rc8 28.Be3 Bf6 29.Bd4 Kg7
30.h3 a5 31.Qd2 b6 32.Rc1 Rxc1+ 33.Qxc1 a4 34.Bxa4 Qxd5 35.Qc3 Ng4 36.Bxf6+ Nxf6
37.Bb3 Qg5 38.Qc7 Qe5  1-0

[Event "Metz op"]
[Site "Metz"]
[Date "1994.??.??"]
[Round "6"]
[White "Komarov, Dimitri"]
[Black "Strowsky, Yannick"]
[Result "1-0"]
[WhiteElo "2535"]
[BlackElo "2210"]

1.d4 Nf6 2.Nf3 g6 3.c4 Bg7 4.Nc3 O-O 5.e4 d6 6.Be2 e5 7.Be3 h6 8.O-O Ng4
9.Bc1 Nc6 10.d5 Ne7 11.Ne1 f5 12.Bxg4 fxg4 13.Nd3 g5 14.c5 Ng6 15.Be3 Rf7
16.a4 Nf4 17.b4 Bf8 18.a5 h5 19.a6 c6 20.axb7 Bxb7 21.b5 cxd5 22.c6 Nxd3
23.cxb7 Rxb7 24.Qxd3 d4 25.Ne2 dxe3 26.Qd5+ Rf7  1-0

[Event "Minsk"]
[Site "Minsk"]
[Date "1994.??.??"]
[Round "2"]
[White "Lyrberg, Patrik"]
[Black "Kupreichik, Viktor D"]
[Result "0-1"]
[WhiteElo "2415"]
[BlackElo "2515"]

1.d4 Nf6 2.c4 g6 3.Nc3 Bg7 4.e4 d6 5.Nf3 O-O 6.Be2 e5 7.d5 a5 8.Bg5 Na6 9.Nd2 Qe8
10.a3 Bd7 11.b3 Kh8 12.Rb1 Nc5 13.O-O Ng8 14.Qc2 f5 15.f3 Bh6 16.Bxh6 Nxh6
17.b4 Na6 18.c5 axb4 19.axb4 fxe4 20.Ndxe4 Nf5 21.Qd2 Qe7 22.c6 bxc6 23.dxc6 Be6
24.b5 Nc5 25.Nxc5 dxc5 26.Rfe1 Rad8 27.Qc1 Nd4 28.Bf1 Rf5 29.Ne4 Qh4 30.Ng3 Rxf3
31.Rxe5 Rxg3 32.hxg3 Nf3+ 33.Kf2 Qd4+ 34.Re3 Nd2 35.Qb2 Rf8+ 36.Kg1 Rxf1+
37.Rxf1 Qxb2 38.Rf2 Qc1+ 39.Kh2 Nf1+ 40.Rxf1 Qxe3  0-1

[Event "Minsk op"]
[Site "Minsk"]
[Date "1994.??.??"]
[Round "4"]
[White "Pushkarjow, Andreij"]
[Black "Lutsko, Igor"]
[Result "0-1"]
[WhiteElo "2265"]
[BlackElo "2425"]

1.d4 Nf6 2.c4 g6 3.Nc3 Bg7 4.e4 d6 5.Nf3 O-O 6.Be2 Na6 7.O-O e5 8.Re1 exd4
9.Nxd4 Re8 10.Bf1 c6 11.f3 Nc5 12.Be3 a5 13.Qd2 a4 14.b4 axb3 15.axb3 Rxa1
16.Rxa1 Nh5 17.Rb1 Qc7 18.b4 Nd7 19.b5 Be5 20.g4 Ng7 21.f4 Bf6 22.g5 Be7
23.Nde2 Bf8 24.Ng3 Ne6 25.h4 Qa5 26.f5 Nec5 27.h5 Ne5 28.Be2 Qc7 29.hxg6 fxg6
30.b6 Qf7 31.Kg2 Nxc4 32.Bxc4 Qxc4 33.Rf1 Nd3 34.f6 Be6 35.Nce2 Bf7 36.Nd4 d5
37.Rd1 dxe4 38.Rh1 Ne5 39.Nge2  0-1

[Event "Minsk"]
[Site "Minsk"]
[Date "1994.??.??"]
[Round "5"]
[White "Pedersen, Steffen"]
[Black "Kovalev, Andrei"]
[Result "0-1"]
[WhiteElo "2420"]
[BlackElo "2530"]

1.d4 Nf6 2.c4 d6 3.Nf3 Nbd7 4.Nc3 e5 5.e4 g6 6.Be2 Bg7 7.O-O O-O 8.Qc2 c6
9.Rd1 Qe7 10.Rb1 exd4 11.Nxd4 Nc5 12.f3 Nh5 13.g4 Nf6 14.Bg5 a5 15.Qd2 Qc7
16.Kh1 Re8 17.Bh6 Bh8 18.Nb3 a4 19.Nd4 Bd7 20.b4 axb3 21.axb3 Ra3 22.Bf4 h5
23.Nc2 Rxb3 24.Bxd6 Qa5 25.Bxc5 Rxb1 26.Rxb1 Qxc5 27.g5 Bh3 28.gxf6 Bxf6
29.Nd1 Rd8 30.Qe3 Qa5 31.Nf2 Be6 32.Rd1 Re8 33.f4 Qa4 34.Nd4 Bxc4 35.Bxc4 Qxc4
36.e5 Bg7 37.Ne4 Qd5 38.Rd2 Ra8 39.Nf5 Qc4 40.Nfg3 b5 41.Nf6+ Bxf6 42.exf6 h4
43.Ne2 b4 44.f5 Qg4 45.Rd4 Qxf5 46.Rf4  0-1

[Event "Minsk"]
[Site "Minsk"]
[Date "1994.??.??"]
[Round "10"]
[White "Lyrberg, Patrik"]
[Black "Ryskin, Alexander"]
[Result "0-1"]
[WhiteElo "2415"]
[BlackElo "2500"]

1.d4 Nf6 2.c4 g6 3.Nc3 Bg7 4.e4 d6 5.Nf3 O-O 6.Be2 Na6 7.O-O e5 8.Be3 Ng4
9.Bg5 Qe8 10.h3 h6 11.Bc1 Nf6 12.dxe5 dxe5 13.Be3 Qe7 14.a3 c6 15.b4 Nh5
16.Re1 Nf4 17.Bf1 Rd8 18.Qc2 Ne6 19.Rad1 Nd4 20.Bxd4 exd4 21.Na4 b6 22.c5 b5
23.Nb2 Nc7 24.e5 Ne6 25.Qe4 Qd7 26.g3 a5 27.Bg2 axb4 28.axb4 Ra3 29.h4 Qd5
30.Qxd5 Rxd5 31.Nd3 Rd8 32.Rd2 Nc7 33.Nf4 d3 34.Re3 Bf5 35.Ne1 Na6 36.Nexd3 Ra1+
37.Kh2 Nxb4 38.g4 Bxg4 39.Re4 Nxd3 40.Rxd3 Rxd3 41.Nxd3 Bf5 42.Re3 Bxd3 43.Rxd3 Bxe5+
44.Kh3 Rc1  0-1

[Event "Mlada Boleslav op"]
[Site "Mlada Boleslav"]
[Date "1994.??.??"]
[Round "1"]
[White "Lomineishvili, Maia"]
[Black "Bagaturov, Giorgi"]
[Result "0-1"]
[WhiteElo "2200"]
[BlackElo "2500"]

1.d4 Nf6 2.Nf3 g6 3.c4 Bg7 4.Nc3 O-O 5.e4 d6 6.Be2 Nbd7 7.O-O e5 8.d5 Nc5
9.Qc2 a5 10.Bg5 h6 11.Bh4 Qe8 12.Nb5 Qd7 13.Nd2 b6 14.Rab1 Nh7 15.f3 h5 16.b3 Bh6
17.Kh1 f5 18.exf5 gxf5 19.a3 Qg7 20.b4 axb4 21.axb4 Na6 22.Bd3 Kh8 23.Rfe1 Bd7
24.Nf1 Rae8 25.Na7 e4 26.fxe4 fxe4 27.Bxe4 Qg4 28.Bxh7 Qxh4 29.Rxe8 Bxe8
30.Bd3 Rf2 31.Qc3+ Bg7 32.Qe1 Be5 33.Kg1 Nxb4 34.Qxf2 Bd4 35.Ne3 Qe7 36.Qf5 Qxe3+
37.Kh1 Nxd3 38.g3 Bg6  0-1

[Event "Mlada Boleslav op"]
[Site "Mlada Boleslav"]
[Date "1994.??.??"]
[Round "7"]
[White "Sherbakov, Ruslan"]
[Black "Freisler, Pavel"]
[Result "1-0"]
[WhiteElo "2510"]
[BlackElo "2380"]

1.d4 Nf6 2.Nf3 g6 3.c4 Bg7 4.Nc3 O-O 5.e4 d6 6.Be2 e5 7.O-O Nbd7 8.Be3 c6
9.Qc2 Qe7 10.Rad1 h6 11.h3 exd4 12.Bxd4 Re8 13.Nd2 Nc5 14.Rfe1 Ne6 15.Be3 Nd7
16.Nf3 Ne5 17.Qd2 Nxf3+ 18.Bxf3 Ng5 19.Bxg5 Qxg5 20.Qxg5 hxg5 21.Rxd6 Be6
22.Be2 Be5 23.Rd2 a6 24.Na4 b5 25.Nc5 Bxc4 26.Bxc4 bxc4 27.Rc2 Rab8 28.Ree2 c3
29.b3 Red8 30.g3 Rd1+ 31.Kg2 Rbd8 32.Kf3 Rb1 33.Na4 Rd3+ 34.Kg4 f6 35.Nc5 Rd4
36.f4 gxf4 37.gxf4 Rg1+ 38.Kf3 Rf1+ 39.Kg2 Rxf4 40.Ne6 Rfxe4 41.Nxd4 Rxd4
42.Rxc3 Rd6 43.Rcc2 Kg7 44.Red2 Re6 45.h4 Kh6 46.Rd8 Kh5 47.Kf3 g5 48.Rh8+ Kg6
49.hxg5 fxg5 50.Rc8 Kf5 51.R8xc6 Re7 52.Rxa6 g4+ 53.Kg2 g3 54.Ra5 Kg4 55.Re2  1-0

[Event "Mogliano Veneto op"]
[Site "Mogliano Veneto"]
[Date "1994.??.??"]
[Round "?"]
[White "Alba, Albano"]
[Black "Rodighiero, Giuseppe"]
[Result "0-1"]
[WhiteElo "2240"]
[BlackElo "2190"]

1.d4 Nf6 2.c4 g6 3.Nc3 Bg7 4.e4 d6 5.Nf3 O-O 6.Be2 e5 7.d5 Na6 8.Bg5 h6 9.Bh4 g5
10.Bg3 Nxe4 11.Nxe4 f5 12.Nfd2 fxe4 13.Nxe4 Bf5 14.Bd3 g4 15.Qe2 h5 16.h3 gxh3
17.Qxh5 hxg2 18.Rg1 Qe8 19.Qg5 Qg6 20.Qxg6 Bxg6 21.Rxg2 Rf3 22.Bh4 Bxe4  0-1

[Event "Mondariz op"]
[Site "Mondariz"]
[Date "1994.??.??"]
[Round "?"]
[White "Nedobora, Mikhail"]
[Black "Paunovic, Dragan"]
[Result "1/2-1/2"]
[WhiteElo "2460"]
[BlackElo "2430"]

1.c4 g6 2.Nc3 Bg7 3.Nf3 Nf6 4.d4 O-O 5.e4 d6 6.Be2 e5 7.d5 a5 8.Bg5 h6 9.Bh4 Na6
10.O-O Qe8 11.Nd2 h5 12.a3 Bd7 13.f3 Nh7 14.Kh1 Bh6 15.b3 Be3 16.Bf2 Bxf2
17.Rxf2 Qe7 18.Qc2 Qg5 19.Raf1 Nf6 20.Nd1 Nc5 21.f4 exf4 22.Rxf4 Bg4 23.Bxg4 Nxg4
24.Qc3  1/2-1/2

[Event "Mondariz op"]
[Site "Mondariz"]
[Date "1994.??.??"]
[Round "?"]
[White "Ziegler, Ari"]
[Black "Damljanovic, Branko"]
[Result "0-1"]
[WhiteElo "2315"]
[BlackElo "2505"]

1.d4 Nf6 2.c4 g6 3.Nc3 Bg7 4.e4 d6 5.Nf3 O-O 6.Be2 e5 7.O-O c6 8.d5 Na6 9.Bg5 h6
10.Bh4 Bd7 11.Nd2 Qb6 12.Rb1 g5 13.Bg3 Rfc8 14.Kh1 Qd8 15.a3 Qe7 16.Rc1 Nc7
17.dxc6 bxc6 18.c5 d5 19.h3 d4 20.Na4 Nb5 21.Qc2 Ne8 22.Nc4 f6 23.b4 Be6
24.Nab2 Nc3 25.Bd3 Bf8 26.Nd1 Nxd1 27.Qxd1 Ng7 28.Qe2 Rc7 29.Kg1 Rd8 30.Rc2 Qf7
31.Rfc1 Qg6 32.a4 h5 33.h4 gxh4 34.Bxh4 Rb8 35.f4 exf4 36.Rb2 Bg4 37.Qf2 Ne6
38.Nd6 Bh6 39.Nf5 f3 40.Bc4 Bxc1 41.Bxe6+ Kh7 42.Qg3 Rbb7 43.Rb1 Be3+ 44.Kf1 fxg2+
45.Qxg2 Qe8 46.Qa2 Rg7 47.Ke1 Bxf5 48.Bxf5+ Kh6 49.Bf2 Qe5 50.Rb3 Qf4 51.Qb2 Bxf2+
52.Qxf2 Qc1+ 53.Ke2 Qc2+ 54.Kf1 Qd1+  0-1

[Event "Mondariz op"]
[Site "Mondariz"]
[Date "1994.??.??"]
[Round "?"]
[White "Damljanovic, Branko"]
[Black "Hillarp Persson, Tiger"]
[Result "1-0"]
[WhiteElo "2505"]
[BlackElo "2380"]

1.Nf3 Nf6 2.c4 d6 3.d4 g6 4.Nc3 Bg7 5.e4 O-O 6.Be2 e5 7.d5 a5 8.Bg5 h6 9.Bh4 Nbd7
10.Nd2 Nc5 11.O-O c6 12.Rb1 Bd7 13.f3 Qb8 14.Bf2 Rc8 15.Nb3 cxd5 16.Nxc5 dxc5
17.Nxd5 Nxd5 18.exd5 Qd6 19.Qd2 f5 20.b3 Bf8 21.Bd3 Qf6 22.Rfe1 g5 23.a3 Bd6
24.Re2 Kf7 25.Qb2 h5 26.Rf1 b6 27.Be1 Re8 28.Bc3 Re7 29.Kh1 Rae8 30.b4 axb4
31.axb4 Qh6 32.bxc5 bxc5 33.Qc2 Qf6 34.g3 f4 35.gxf4 Qxf4 36.Bg6+ Kg8 37.Bd2 Qf6
38.Bxe8 Bxe8 39.Bxg5 Qxg5 40.Rg2 Qxg2+ 41.Qxg2+ Rg7 42.Qh3 Kf8 43.Rg1  1-0

[Event "Mondariz op"]
[Site "Mondariz"]
[Date "1994.??.??"]
[Round "?"]
[White "Ziegler, Ari"]
[Black "Bernal Moro, Luis Javier"]
[Result "0-1"]
[WhiteElo "2315"]
[BlackElo "2390"]

1.d4 Nf6 2.c4 d6 3.Nc3 Nbd7 4.e4 e5 5.Nf3 g6 6.Be2 Bg7 7.O-O O-O 8.Qc2 c6
9.Rd1 exd4 10.Nxd4 Qe7 11.f3 Nc5 12.Kh1 Nfd7 13.b4 Ne6 14.Nxe6 Qxe6 15.Be3 a5
16.b5 Nc5 17.Rab1 Be5 18.bxc6 bxc6 19.Na4 Nxa4 20.Qxa4 c5 21.f4 Bg7 22.Bf3 Bd7
23.Qb3 Bc6 24.Re1 Bxe4 25.Bxc5 dxc5 26.Bxe4 Rae8 27.Qb5 Bc3 28.Re2 Qd6 29.Rf1 Qd4
30.Bf3 Rb8 31.Qa6 Qxf4 32.g3 Qf5 33.Kg2 Rfe8 34.Ref2 Qe6 35.Qxe6 fxe6 36.Bc6 Re7
37.Re2 Rb6 38.Bd5 Rb2 39.Rxb2 Bxb2 40.Bc6 Rc7 41.Bb5 Kg7 42.Kf3 Rf7+ 43.Kg2 Rxf1
44.Kxf1 Kf6 45.Ke2 Ke5 46.Bd7 Bd4 47.Kf3 Bg1 48.Kg2 Be3 49.Kf3 Bc1 50.a4 Kf5
51.g4+ Ke5 52.h3 g5 53.Bc8 h6 54.Bd7 Kd4 55.Bxe6 Kd3 56.Bd5 Bb2 57.Be6 Bd4
58.Bf7 Kc3 59.Ke2 Kb3 60.Be8 Kxc4 61.Kd2 Kb3 62.Kc1 Be5 63.Kb1 Bf4 64.Bd7 Be3
65.Be8 Bf4 66.Bd7 c4  0-1

[Event "Mondariz op"]
[Site "Mondariz"]
[Date "1994.??.??"]
[Round "?"]
[White "Bernal Moro, Luis Javier"]
[Black "Todorcevic, Miodrag"]
[Result "1-0"]
[WhiteElo "2390"]
[BlackElo "2490"]

1.d4 g6 2.e4 Bg7 3.c4 d6 4.Nc3 e5 5.Nf3 Nd7 6.Be2 Ngf6 7.O-O O-O 8.Qc2 exd4
9.Nxd4 Re8 10.Rd1 c6 11.Bg5 Qe7 12.f3 h6 13.Bh4 Qf8 14.Rd2 Nh5 15.Bf2 Nf4
16.Bf1 Ne5 17.Qd1 Bf6 18.Kh1 Qg7 19.Be3 Nh5 20.g4 c5 21.Ndb5 Nxg4 22.fxg4 Bxc3
23.Nxc3 Nf6 24.h3 h5 25.gxh5 Nxe4 26.Nxe4 Rxe4 27.Bf2 Bf5 28.Bg2 Rxc4 29.hxg6 Bxg6
30.b3 Rc3 31.Rxd6 Rc2 32.Rd8+ Kh7 33.Rxa8 Rxf2 34.Qe1 Qb2 35.Rd1 Kg7 36.Qe8  1-0

[Event "Montecatini Terme op"]
[Site "Montecatini Terme"]
[Date "1994.??.??"]
[Round "?"]
[White "Ioseliani, Nana"]
[Black "Grigore, George"]
[Result "1/2-1/2"]
[WhiteElo "2435"]
[BlackElo "2440"]

1.d4 Nf6 2.Nf3 g6 3.c4 Bg7 4.Nc3 O-O 5.e4 d6 6.Be2 Na6 7.O-O e5 8.Re1 Qe8
9.Bf1 Bg4 10.d5 Nb4  1/2-1/2

[Event "Montecatini Terme op"]
[Site "Montecatini Terme"]
[Date "1994.??.??"]
[Round "?"]
[White "Sulava, Nenad"]
[Black "Gaido, Paolo"]
[Result "1-0"]
[WhiteElo "2410"]
[BlackElo "2095"]

1.d4 Nf6 2.c4 g6 3.Nc3 Bg7 4.e4 d6 5.Nf3 O-O 6.Be2 e5 7.O-O exd4 8.Nxd4 Re8
9.f3 c6 10.Kh1 d5 11.cxd5 cxd5 12.Bg5 dxe4 13.fxe4 h6 14.Bh4 g5 15.Bg3 Nxe4
16.Nxe4 Rxe4 17.Nb5 Qxd1 18.Raxd1 Nc6 19.Bf3 Re8 20.Nc7 Be6 21.Nxa8 Rxa8
22.Bd5  1-0

[Event "Moravia-ch op"]
[Site "Moravia"]
[Date "1994.??.??"]
[Round "?"]
[White "Obsivac, Josef"]
[Black "Sekanina, Jiri"]
[Result "1-0"]
[WhiteElo "2310"]
[BlackElo "2160"]

1.d4 Nf6 2.c4 g6 3.Nc3 Bg7 4.e4 d6 5.Be2 O-O 6.Be3 e5 7.Nf3 Nc6 8.d5 Ne7
9.Nd2 c5 10.g4 Ne8 11.f3 f5 12.Qc2 f4 13.Bf2 h6 14.a3 a5 15.O-O Nc7 16.b4 axb4
17.axb4 Rxa1 18.Rxa1 b6 19.bxc5 bxc5 20.Nb5 Na6 21.Be1 Bf6 22.Nb3 h5 23.h3 hxg4
24.hxg4 Kg7 25.Na5 Rh8 26.Bf1 Bh4 27.Bxh4 Rxh4 28.Qf2 Rh7 29.Nc6 Qd7 30.Qe1 Nxc6
31.dxc6 Qxc6 32.Rd1 Nb4 33.Rxd6 Qe8 34.Qa1 Kh6 35.Qa5 Nc6 36.Qb6 Nd4 37.Nxd4 cxd4
38.Rd8 Qe7 39.Rxc8 Qh4 40.Qa5  1-0

[Event "Moscow-ch"]
[Site "Moscow"]
[Date "1994.??.??"]
[Round "?"]
[White "Pankratov, A."]
[Black "Krasnov, Sergey"]
[Result "1/2-1/2"]
[WhiteElo "2275"]
[BlackElo "2325"]

1.d4 Nf6 2.c4 d6 3.Nc3 Nbd7 4.e4 e5 5.Nf3 g6 6.Be2 Bg7 7.O-O O-O 8.Qc2 exd4
9.Nxd4 Re8 10.Be3 c6 11.Rad1 Qe7 12.f3 Nb6 13.Nb3 Be6 14.Nd2 d5 15.cxd5 cxd5
16.Bf2 Rac8 17.Qb1 Red8 18.Rfe1 dxe4 19.Ndxe4 Nxe4 20.Nxe4 Bf5 21.Bd3 Bd4
22.Kh1 Bxf2 23.Nxf2 Be6 24.Be4 Rxd1 25.Rxd1 Nc4 26.b3 Ne3 27.Re1 Qg5 28.g3 Nd5
29.Qd3 Rc1 30.Rd1 Rxd1+ 31.Nxd1 b6 32.f4 Qh5 33.Bf3 Qf5 34.Qxf5 gxf5 35.Bxd5 Bxd5+
36.Kg1 Kg7 37.Kf2 Kg6 38.Ke3 Kf6 39.Kd4 Ke6 40.Ne3 Bc6 41.Kc4 h6 42.a4 f6
43.Kb4 Bd7 44.Kc4 Kd6  1/2-1/2

[Event "Moscow-ch"]
[Site "Moscow"]
[Date "1994.??.??"]
[Round "?"]
[White "Annakov, Babakuli"]
[Black "Korotylev, Alexey"]
[Result "1/2-1/2"]
[WhiteElo "2350"]
[BlackElo "2430"]

1.d4 g6 2.c4 Bg7 3.Nc3 d6 4.Nf3 Nf6 5.e4 O-O 6.Be2 e5 7.d5 a5 8.Bg5 h6 9.Bh4 Na6
10.Nd2 Qe8 11.a3 Bd7 12.b3 Nh7 13.Qc2 h5 14.f3 Bh6 15.Bf2 Qe7 16.h4 f5 17.Rb1 Nc5
18.b4 axb4 19.axb4 Na4 20.Nd1 Nf6 21.Ne3 fxe4 22.Nxe4 Nxe4 23.Qxe4 Qg7 24.Rb3 Rf4
25.Qc2 e4 26.O-O Re8 27.c5 exf3 28.Bxf3 Bb5 29.Re1 Qf6 30.Nf1 Rxe1 31.Bxe1 Rc4
32.Qf2 Rc1 33.cxd6 cxd6 34.Be2 Qxf2+ 35.Kxf2 Rc2 36.Ng3 Nb6 37.Kf3 Bxe2+
38.Nxe2 Nc4 39.Rc3  1/2-1/2

[Event "Moscow-ch"]
[Site "Moscow"]
[Date "1994.??.??"]
[Round "?"]
[White "Gavrilov, Alexei"]
[Black "Odesskij, Ilia"]
[Result "1/2-1/2"]
[WhiteElo "2425"]
[BlackElo "2255"]

1.d4 d6 2.Nf3 Nf6 3.c4 g6 4.Nc3 Bg7 5.e4 O-O 6.Be2 e5 7.O-O exd4 8.Nxd4 Re8
9.f3 Nc6 10.Be3 Nh5 11.f4 Nf6 12.Bf3 Bf5 13.exf5 Rxe3 14.Nxc6 bxc6 15.fxg6 hxg6
16.Qd2 Qe7 17.Bxc6 Rb8 18.g3 Qe6 19.Rac1 Ng4 20.Bd5 Qf5 21.Bf3 Rd3 22.Qe2 Bxc3
23.bxc3 Nf6 24.Rfd1 Qc5+ 25.Kg2 Rxd1 26.Rxd1 Qa3 27.Rd2 Qxc3 28.Rc2 Qa1  1/2-1/2

[Event "Moscow2"]
[Site "Moscow"]
[Date "1994.??.??"]
[Round "1"]
[White "Gagarin, Vasilij"]
[Black "Kazhgaleyev, Murtas"]
[Result "1-0"]
[WhiteElo "2425"]
[BlackElo "2335"]

1.d4 Nf6 2.c4 g6 3.Nc3 Bg7 4.e4 d6 5.Nf3 O-O 6.Be2 Na6 7.O-O e5 8.Be3 Ng4
9.Bg5 Qe8 10.dxe5 dxe5 11.Nd2 h6 12.Bh4 Nf6 13.a3 b6 14.Nd5 g5 15.Bg3 c6
16.Ne3 Nc5 17.Qc2 a5 18.b4 Ne6 19.Nf5 Nf4 20.Bxf4 exf4 21.Nxg7 Kxg7 22.Qc3 Qe6
23.c5 axb4 24.axb4 Rxa1 25.Rxa1 bxc5 26.Qxc5 Rd8 27.Qc3 Kg8 28.f3 g4 29.fxg4 Nxg4
30.Bxg4 Qxg4 31.Nf3 Qg6 32.Ne5 Qf6 33.Rc1 Ba6 34.h3 Re8 35.Ng4 Qxc3 36.Rxc3 Re6
37.Rf3 h5 38.Nf2 Rf6 39.Nd3 Bxd3 40.Rxd3 Re6 41.Rd4 Kg7 42.Kf2 Kg6 43.Kf3 Kg5
44.Rc4 Re5 45.Rxc6 f5 46.h4+ Kxh4 47.exf5 Kg5 48.f6 Re3+ 49.Kf2 Kg6 50.Rc4 Rb3
51.Rxf4 Kf7 52.Kg1 Rb2 53.Kh2 Rb3 54.g3 Rb1 55.Kg2 Rd1 56.Rf5 Rb1 57.b5 Rb3
58.Rxh5 Kxf6 59.Rc5 Kg6 60.Kh3 Rb4 61.Rc6+ Kg5 62.Rb6 Rb2 63.Rb8 Rb4 64.b6 Kg6
65.g4 Rb3+ 66.Kh4 Rb1 67.Kg3 Rb4 68.Kf3 Kf7 69.Rb7+ Kf6 70.Rb8 Kf7 71.g5 Rb5
72.Kf4 Kg7 73.Ke4 Kf7 74.Kd4 Rxg5 75.b7  1-0

[Event "Moscow ol (Men)"]
[Site "Moscow"]
[Date "1994.??.??"]
[Round "1"]
[White "Kozul, Zdenko"]
[Black "Dukaczewski, Piotr"]
[Result "1-0"]
[WhiteElo "2575"]
[BlackElo "2200"]

1.d4 Nf6 2.Nf3 g6 3.c4 Bg7 4.Nc3 O-O 5.e4 d6 6.Be2 e5 7.O-O Qe8 8.d5 Nh5
9.g3 f5 10.exf5 gxf5 11.Nh4 Nf6 12.f4 e4 13.Be3 a5 14.Nb5 Qe7 15.Qd2 Ne8
16.Bd4 Nd7 17.Bxg7 Qxg7 18.Nd4 Nc5 19.Qe3 Bd7 20.b3 c6 21.dxc6 bxc6 22.a3 Rb8
23.Rab1 Nc7 24.Rfd1 Qf6 25.Bf1 Ne8 26.b4 axb4 27.axb4 Na4 28.Bh3 Nb6 29.Ra1 Rb7
30.Ra6 c5 31.bxc5 dxc5 32.Nc2 Qc6 33.Rb1 Rf6 34.Qc3 Nc7 35.Ra5 Bc8 36.Qe3 Nd7
37.Rxb7 Bxb7 38.Nxf5 Kf7 39.Qb3 Ne6 40.Qxb7  1-0

[Event "Moscow ol (Men)"]
[Site "Moscow"]
[Date "1994.??.??"]
[Round "2"]
[White "Nenashev, Alexander"]
[Black "Thipsay, Praveen Mahadeo"]
[Result "1-0"]
[WhiteElo "2575"]
[BlackElo "2505"]

1.d4 Nf6 2.c4 g6 3.Nc3 Bg7 4.e4 d6 5.Nf3 O-O 6.Be2 e5 7.d5 a5 8.Bg5 h6 9.Bh4 Na6
10.Nd2 Qe8 11.O-O Bd7 12.Kh1 Nh7 13.a3 h5 14.f3 Bf6 15.Bf2 Bg5 16.b3 Qe7
17.Rb1 h4 18.b4 axb4 19.axb4 b6 20.Rb2 Nf6 21.Qb1 Nh5 22.Ra2 Bxd2 23.Rxd2 Qg5
24.Rfd1 Ng3+ 25.Kg1 Nxe2+ 26.Rxe2 Nb8 27.Be3 Qf6 28.h3 Rc8 29.Qc1 Be8 30.f4 exf4
31.Bd4 Qe7 32.e5 dxe5 33.Rxe5 Qf8 34.Qxf4 Nd7 35.Qxh4 f6 36.Re6 g5 37.Qg4 Bf7
38.Ne4  1-0

[Event "Moscow ol (Men)"]
[Site "Moscow"]
[Date "1994.??.??"]
[Round "3"]
[White "Nickoloff, Bryon"]
[Black "Dydyshko, Viacheslav"]
[Result "0-1"]
[WhiteElo "2390"]
[BlackElo "2510"]

1.d4 Nf6 2.c4 g6 3.Nc3 Bg7 4.e4 d6 5.Be2 O-O 6.Nf3 e5 7.Be3 c6 8.O-O Nbd7
9.Qc2 Ng4 10.Bg5 f6 11.Bd2 Qe7 12.Rad1 exd4 13.Nxd4 f5 14.exf5 Nxf2 15.Ne6 Nxd1
16.Qxd1 Rxf5 17.Nxg7 Rxf1+ 18.Bxf1 Kxg7 19.Bf4 Nf6 20.Qd4 Bf5 21.Bxd6 Qe6
22.h3 h5 23.c5 Re8 24.Kh2 b5 25.a4 a6 26.Be2 Qe3  0-1